Statistiques concernant Culture Générale - Série 216

Cliquez ici pour prendre le quiz!

Statistiques générales

  • Ce quiz a été pris 227 fois
  • Le résultat moyen est 6 sur 10

Statistiques - réponses

QuestionRéponse% Correct
Avec le lait de quel animal fabrique-t-on le roquefort ?Brebis
94%
Dans quelle partie du corps humain est situé le métatarse ?Le pied
93%
Dans quel massif montagneux se situe le col de Puymorens ?Les Pyrénées
82%
De quel pays la ville d'Erevan est- elle la capitale ?L'Arménie
74%
"A quelle couleur" associe-t-on un mode de cuisson de la truite ?Au bleu
73%
A quel outil le terme "égoïne" est-il associé ?La scie
59%
A quel groupe doit-on le tube "Le vent nous portera" en 2001 ?Noir Désir
50%
A quelle famille de plantes le melon appartient-il ?Les cucurbitacées
42%
Quel homme de lettres Romain Duris incarne-t-il au cinéma en 2007 ?Molière
15%
Quel ancien comptoir français était situé près de Calcutta ?Chandernagor
11%

Distribution des résultats

Percentile par nombre de réponses

% des personnes avec chaque résultat

Votre développement - résultats

Vous n’avez pas pris ce quiz